000 00689nam a2200241Ia 4500
003 OSt
005 20220407164435.0
008 210716s2019 xx 000 0 und d
020 _a9789353285333
040 _cAIMIT LIBRARY
041 _aeng
082 _a338.04
_21
_bAHMA
100 _aAhmad, Ali J.
_928370
245 _aEntrepreneurship in developing and emerging economies.
250 _a1
260 _aNew Delhi
_bSage Publications
_c2019
300 _axxvi,241,P-7,I-4
_bPB
_c24 cm
650 _aEntrepreneurship
_928371
650 _aEmerging Economies.
_928372
700 _aBhatt, Punita.
_928373
700 _aActon, Iain.
_928374
942 _2ddc
_cBK
_e1st
_k338.04 AHMA
999 _c211174
_d211174